Indian Tradition, Culture and Reality / (Record no. 44545)
[ view plain ]
| 000 -LEADER | |
|---|---|
| fixed length control field | 01716nam a22002537a 4500 |
| 003 - CONTROL NUMBER IDENTIFIER | |
| control field | CUTN |
| 005 - DATE AND TIME OF LATEST TRANSACTION | |
| control field | 20250602120553.0 |
| 008 - FIXED-LENGTH DATA ELEMENTS--GENERAL INFORMATION | |
| fixed length control field | 250602b |||||||| |||| 00| 0 eng d |
| 020 ## - INTERNATIONAL STANDARD BOOK NUMBER | |
| International Standard Book Number | 9788193417645 |
| 041 ## - LANGUAGE CODE | |
| Language | English |
| 082 ## - DEWEY DECIMAL CLASSIFICATION NUMBER | |
| Edition number | 23 |
| Classification number | 301.208 |
| Item number | BAL |
| 100 ## - MAIN ENTRY--PERSONAL NAME | |
| Personal name | Balambal, V |
| 245 ## - TITLE STATEMENT | |
| Title | Indian Tradition, Culture and Reality / |
| Statement of responsibility, etc | V. Balambal |
| 260 ## - PUBLICATION, DISTRIBUTION, ETC. (IMPRINT) | |
| Place of publication, distribution, etc | Uttar pradesh : |
| Name of publisher, distributor, etc | Varunodaya Publications, |
| Date of publication, distribution, etc | 2018. |
| 300 ## - PHYSICAL DESCRIPTION | |
| Extent | 311 p. : |
| Other physical details | Ill. ; |
| Dimensions | 23 cm |
| 520 ## - SUMMARY, ETC. | |
| Summary, etc | Indian Tradition, Culture and Reality offers a comprehensive exploration of India's rich and multifaceted heritage, delving into the ancient roots, diverse philosophical systems, and vibrant cultural expressions that define the nation. The book meticulously examines the evolution of Indian society, from its foundational Vedic principles and religious traditions like Hinduism, Buddhism, and Jainism, to its unique artistic forms in dance, music, and literature. It navigates the complexities of social institutions, including the family unit and the historical caste system, while also shedding light on daily life, festivals, and traditional knowledge systems such as Ayurveda and Yoga. Crucially, the book addresses the dynamic interplay between tradition and modernity, analyzing the impact of globalization, contemporary challenges, and India's evolving role on the global stage. Ultimately, it provides readers with a nuanced understanding of how India's deeply ingrained traditions continue to shape its present realities and future aspirations. |
| 650 ## - SUBJECT ADDED ENTRY--TOPICAL TERM | |
| Topical term or geographic name as entry element | Indian Tradition |
| 650 ## - SUBJECT ADDED ENTRY--TOPICAL TERM | |
| Topical term or geographic name as entry element | Indian Society |
| 650 ## - SUBJECT ADDED ENTRY--TOPICAL TERM | |
| Topical term or geographic name as entry element | Hinduism |
| 650 ## - SUBJECT ADDED ENTRY--TOPICAL TERM | |
| Topical term or geographic name as entry element | Jainism |
| 650 ## - SUBJECT ADDED ENTRY--TOPICAL TERM | |
| Topical term or geographic name as entry element | Vedic Civilization |
| 650 ## - SUBJECT ADDED ENTRY--TOPICAL TERM | |
| Topical term or geographic name as entry element | Buddhism |
| 942 ## - ADDED ENTRY ELEMENTS (KOHA) | |
| Source of classification or shelving scheme | Dewey Decimal Classification |
| Koha item type | General Books |
| Withdrawn status | Lost status | Source of classification or shelving scheme | Damaged status | Not for loan | Collection code | Home library | Location | Shelving location | Date of Cataloging | Total Checkouts | Full call number | Barcode | Date last seen | Price effective from | Koha item type |
|---|---|---|---|---|---|---|---|---|---|---|---|---|---|---|---|
| Dewey Decimal Classification | Non-fiction | CUTN Central Library | CUTN Central Library | Social Sciences | 02/06/2025 | 301.208 BAL | 52149 | 02/06/2025 | 02/06/2025 | General Books |
